| 000 | 00483cam a2200181ua 4500 | ||
|---|---|---|---|
| 001 | 5558 | ||
| 008 | 131004n ii |||gr||||Z||||||eng | ||
| 020 | _a978-81-7213-154-8 | ||
| 040 | _cMAIN | ||
| 082 | _a305.8 | ||
| 245 | 1 | 1 | _aGlobalisation In The North-East India |
| 260 |
_aGuwahati: _bPurbanchal Prakash, _c2012. |
||
| 300 | _axi,516p. | ||
| 653 | _aSociology | ||
| 653 | _aGlobalisation In The North East India | ||
| 700 | 1 |
_aGogoi Borgohain, Mamoni., _eEditor., |
|
| 942 | _cBK | ||
| 999 |
_c4723 _d4723 |
||